| 000 | 00673nam a2200253 4500 | ||
|---|---|---|---|
| 001 | 125623 | ||
| 003 | ES-MaBCM | ||
| 005 | 20241016144037.0 | ||
| 008 | 060419s1948 esp spa d | ||
| 021 | _axx | ||
| 035 | _a(OCoLC)1365201200 | ||
| 040 | _cES-MaBCM | ||
| 041 | 0 | _aspa | |
| 110 | 1 |
_aEspaña _951487 _bMinisterio de Marina |
|
| 245 | 1 | 0 | _aReglamento de obras en la Marina |
| 260 |
_aMadrid : _bMinisterio de Marina, _c1948 |
||
| 300 |
_a213 p. _c24 cm |
||
| 500 | _aÍndice de modificaciones | ||
| 650 | 2 | 7 |
_aObras públicas _959569 |
| 651 | 2 | 4 |
_aEspaña _9115342 |
| 655 | 4 |
_aLegislación _959194 |
|
| 650 | 7 |
_aFlota mercante _959353 |
|
| 942 | _cBK | ||
| 999 |
_c125623 _d125623 |
||